zpět

Detail výsledku týmu

Zelená Žába ÚT, Pardubice

Datum a čas kvízu

36.5 Celkem bodů Celkový počet nahraných bodů na tomto kvízu bez doplňovacích otázek.
5. Pořadí na kvízu Konečné umístění týmu na tomto kvízu.

Zaznamenané odpovědi

# Otázka Odpověď Body Výsledky
1. Jeden z ministrů české vlády m... Oto Klempíř 1
2. Že USA společně s Izraelem zaú... C 1
3. Minulý týden jsme se dozvěděli... Yungblud 1
4. V pátek byla oznámena fúze dvo... Paramount (Skydance), Warner Bros. (Discovery) 1
5. Jak se jmenuje fotbalista, kte... Vladimír Darida 1
6. Zatímco v českých atlasech ten... Iberové 1
7. Vyberte správné tvrzení týkají... B 0
8. Níže vidíte na mapě jisté auto... Andalusie, Sevilla 1
9. Jak se jmenuje portugalský mys... C 1
10. Poslední otázka se týká města... Porto 1